| 000 | 00682nam a2200229 a 4500 | ||
|---|---|---|---|
| 001 | BRL_1356 | ||
| 005 | 20190320211150.0 | ||
| 008 | 080114s1990----mx-abo####---#000-0#spa-# | ||
| 020 | _a9686060022 | ||
| 041 | _aspa | ||
| 044 | _amx | ||
| 050 | 4 |
_aNK845 _b.S26 1990 |
|
| 245 | 1 | 0 |
_aSanta María del Río _bun pueblo de artesanos. |
| 260 |
_aMéxico _bFondo Cultural Bancen _c1990 |
||
| 300 |
_a117 p. _bil. (algunas a color), mapas _c31 cm. |
||
| 500 | _aAu1547 | ||
| 504 | _aBibliografía : p. 115-117 | ||
| 650 | 1 | 4 |
_aArte popular _zSanta Maria del Rio (México) _926625 |
| 650 | 1 | 4 |
_aArtes decorativas _zSanta Maria del Rio (México) _926626 |
| 902 | _aGRL | ||
| 942 |
_2lcc _cB |
||
| 999 |
_c10168 _d10168 |
||